| 000 | 00804nam a2200241Ia 4500 | ||
|---|---|---|---|
| 999 |
_c36467 _d36467 |
||
| 003 | GCL | ||
| 005 | 20240530103042.0 | ||
| 008 | 140319s9999 xx 000 0 ara d | ||
| 040 |
_aGCL / _cGCL |
||
| 082 | 0 | 4 |
_221 _a932/ _bق/ب ح |
| 100 | 1 | _aبترى و.م فلندرز | |
| 245 | 1 | 0 |
_aالحياة الاجتماعية فى مصر القديمة / _cبترى و.م فلندرز |
| 260 |
_a[S.N] : _bالهيئة المصرية العامة للكتاب ، _c1975 |
||
| 300 | _a323 ص | ||
| 650 | 0 | 4 | _aمصر |
| 650 | 0 | 4 | _aتاريخ |
| 650 | 0 | 4 | _aالاحوال الاجتماعية |
| 650 | 0 | 4 | _aمصر القديمة |
| 650 | 0 | 4 | _aالحضارة الفرعونية |
| 700 | 1 | _aحسن محمد جوهر (مترجم) | |
| 700 | 1 | _aعبدالمنعم عبدالحكيم | |
| 942 |
_2ddc _cBK |
||